| 000 | 00471cam a2200181ua 4500 | ||
|---|---|---|---|
| 003 | OSt | ||
| 008 | 250108b |||||||| |||| 00| 0 eng d | ||
| 020 | _a0-07-048296-9 | ||
| 041 | _aeng | ||
| 082 |
_a621.374 _bNAK/IN |
||
| 100 | _aNakra , B.C . | ||
| 245 | _aInstrumentation measurement and analysis / | ||
| 250 | _a2 / | ||
| 260 |
_aNew Delhi : _bTata Mc-Graw Hill Publishing Company , _c2005. |
||
| 300 | _a632 ; . | ||
| 700 | 1 | _aChaudhry , K.K . | |
| 942 | _cBK | ||
| 999 |
_c12901 _d12901 |
||